| 000 -LEADER |
| fixed length control field |
01824pab a2200181 454500 |
| 008 - FIXED-LENGTH DATA ELEMENTS--GENERAL INFORMATION |
| fixed length control field |
180718b1998 xxu||||| |||| 00| 0 eng d |
| 100 ## - MAIN ENTRY--PERSONAL NAME |
| Personal name |
Brillantes, Alex B. |
| 245 ## - TITLE STATEMENT |
| Title |
Decentralized democratic governance under the local government code: a governmental perspective |
| 260 ## - PUBLICATION, DISTRIBUTION, ETC. |
| Date of publication, distribution, etc. |
1998 |
| 300 ## - PHYSICAL DESCRIPTION |
| Extent |
p.38-57 |
| 362 ## - DATES OF PUBLICATION AND/OR SEQUENTIAL DESIGNATION |
| Dates of publication and/or sequential designation |
Jan-Apr |
| 520 ## - SUMMARY, ETC. |
| Summary, etc. |
The overthrow of the Marcos dictatorship in 1986 saw the beginning of the transition to democracy ("redemocratization") in the Philippines. It marked the restoration of formal structures and processes characterizing democratic governments, including the adoption of a constitution, an open political system, free elections, a free press, law making bodies, etc. It was against this backdrop that a local government code was enacted in 1991 decentralizing the politico-administrative system and further widening the access of people to the political system and providing autonomy to local institutions. The first part discusses the notion of decentralization and local autonomy in relation to democratization. The second part provides a brief historical background of decentralization in the Philippines. The third part discusses the Local Government Code enacted in 1991, including some of the issues and concerns regarding its implementation. Finally, the fourth part discusses some of the "best practices" at the local level that illustrate the operationalization of decentralized governance in the Philippines with the outlook that democratic structures and processes in the country will be further strengthened with strong and autonomous local institutions. - Reproduced |
| 650 ## - SUBJECT ADDED ENTRY--TOPICAL TERM |
| Topical term or geographic name entry element |
Decentralization - Philippines |
| 650 ## - SUBJECT ADDED ENTRY--TOPICAL TERM |
| Topical term or geographic name entry element |
Local government - Philippines |
| 650 ## - SUBJECT ADDED ENTRY--TOPICAL TERM |
| Topical term or geographic name entry element |
Local government |
| 773 ## - HOST ITEM ENTRY |
| Main entry heading |
Philippine Journal of Public Administration |
| 909 ## - |
| -- |
40418 |